Bájeslovné drobty z lidových podání /

Hlavní autor: Polívka, Jiří, 1858-1933
Jazyk: Čeština
Vydáno: V Praze : [s.n., 1915]
Fyzický popis: 1 sešit
Knihy
Uloženo v:
LEADER 00634nam a2200193 a 4500
001 000642369
003 CZ BrMZK
005 20021218075234.0
007 ta
008 021213s1915 xr f cze d
040 |a BOA001  |b cze  |c BOA001 
100 1 |a Polívka, Jiří,  |d 1858-1933  |7 jk01100510  |4 aut 
245 1 0 |a Bájeslovné drobty z lidových podání /  |c Jiří Polívka 
260 |a V Praze :  |b [s.n.,  |c 1915] 
300 |a 1 sešit 
500 |a Separát z: Sborník filologický, roč. V., 1915 
910 |a BOA001  |b 3-0043.497 
990 |a BK 
996 6 |b 2619229604  |c 3-0043.497  |l MZK  |r Sklad / do 1 hodiny  |n 5  |w 000642369  |u 000010  |a 1  |e BOA001  |j MZK50  |s P